000 00602cam a2200229 a 4500
999 _c9227
_d9227
001 9227
003 UkOxU
005 20180311113202.0
008 960805s1968 nju b 000 0 eng d
035 _a(BD-JhCC) 9227
040 _aDLC
_cWSU
_dSER
_dUKM
_dEQO
041 _aeng
082 _a530
_bRAH 1968
100 1 _aRahman, Md.Shamsur
245 1 0 _aA Text book of Practical Physics /
_cRahman, Md.Shamsur
260 _aDacca ;
_bUdayan press:
_c1968.
300 _a387 p. :
_c21 cm.
650 _aPhysics
830 0 _aVan Nostrand searchlight book ;
_v#14
942 _2ddc
_cBK